| 000 | 00784cam a22002171 4500 | ||
|---|---|---|---|
| 001 | med46000069 | ||
| 003 | DLC | ||
| 005 | 20260227111556.0 | ||
| 008 | 830617s1946 dcua 000 0 eng | ||
| 010 | _amed46000069 | ||
| 035 | _a(OCoLC)29164684 | ||
| 040 |
_aDLC _cMnU-B _dOCoLC _dDLC |
||
| 050 | 0 | 0 |
_aRA421 _b.U4 no. 185 |
| 100 | 1 |
_aVon Oettingen, W. F. _q(Wolfgang Felix), _d1888- |
|
| 245 | 1 | 4 | _aThe toxicity and potential dangers of methyl bromide with special reference to its use in the chemical industry, |
| 260 |
_aWashington, _bU.S. Govt. print. off., _c1946. |
||
| 300 |
_a1 p.l., 41 p. _bincl. tables, diagrs. _c23 cm. |
||
| 650 | 0 | _aBromomethane. | |
| 710 | 2 | _aIndustrial Hygiene Research Laboratory (U.S.) | |
| 830 | 0 |
_aNational Institute of Health bulletin ; _vno. 185. |
|
| 999 |
_c37834 _d37834 |
||